000 00490cam a2200169 4500
001 D3554
008 090401t1983 xxu||||| |||| 00| 0 eng d
035 _a(Sirsi) u73754
041 _aeng
050 _a333.33
245 _aEstates Times review June/July 1983. Special feature: business relocation. Historic towns. Rochester-upon-Medway
260 _aLondon
_bMorgan-Grampian (Construction Press)
_c1983
300 _a66p. ill. 28cm
350 _a2
942 _n0
948 _c04/03/1997
999 _c95695
_d95695